El desarrollo de los procesos psicológicos superiores / (Registro nro. 1516)
[ vista simple ]
| 000 -CABECERA | |
|---|---|
| campo de control de longitud fija | 01456nam a2200301Ia 4500 |
| 003 - IDENTIFICADOR DEL NÚMERO DE CONTROL | |
| campo de control | AR-RoIUNI |
| 005 - FECHA Y HORA DE LA ÚLTIMA TRANSACCIÓN | |
| campo de control | 20210303124906.0 |
| 007 - CAMPO FIJO DE DESCRIPCIÓN FÍSICA--INFORMACIÓN GENERAL | |
| campo de control de longitud fija | ta |
| 008 - DATOS DE LONGITUD FIJA--INFORMACIÓN GENERAL | |
| campo de control de longitud fija | 150616s2009 ag r 000 1 spa d |
| 020 ## - NÚMERO INTERNACIONAL ESTÁNDAR DEL LIBRO | |
| Número Internacional Estándar del Libro | 9789879317204 |
| 040 ## - FUENTE DE LA CATALOGACIÓN | |
| Centro/agencia transcriptor | AR-RoIUNI |
| 080 ## - NÚMERO DE LA CLASIFICACIÓN DECIMAL UNIVERSAL | |
| Número de la Clasificación Decimal Universal | 159.922.72 |
| 100 1# - ENTRADA PRINCIPAL--NOMBRE DE PERSONA | |
| Nombre de persona | Vygotskiĭ, L. S. |
| Forma completa/desarrollada del nombre | (Lev Semenovich), |
| Fechas asociadas al nombre | 1896-1934. |
| 245 13 - MENCIÓN DE TÍTULO | |
| Título | El desarrollo de los procesos psicológicos superiores / |
| Mención de responsabilidad, etc. | Lev S. Vygotsky ; edición al cuidado de Michael Cole ... [et al.] ; nota biográfica de A.R. Luria. |
| 250 ## - MENCIÓN DE EDICIÓN | |
| Mención de edición | 1a. ed. |
| 260 ## - PUBLICACIÓN, DISTRIBUCIÓN, ETC. (PIE DE IMPRENTA) | |
| Lugar de publicación, distribución, etc. | Buenos Aires : |
| Nombre del editor, distribuidor, etc. | Crítica, |
| Fecha de publicación, distribución, etc. | 2009. |
| 300 ## - DESCRIPCIÓN FÍSICA | |
| Extensión | 224 p. ; |
| Dimensiones | 19 cm. |
| 490 0# - MENCIÓN DE SERIE | |
| Mención de serie | Biblioteca de bolsillo ; |
| Designación de volumen o secuencia | 27 |
| 500 ## - NOTA GENERAL | |
| Nota general | Título original: mind in society, the development of higher psiychological processes. |
| 505 1# - NOTA DE CONTENIDO CON FORMATO | |
| Nota de contenido con formato | Capítulo 1. Instrumento y símbolo en el desarrollo del niño -- Capítulo 2. Desarrollo de la percepción -- Capítulo 3. Dominio de la memoria y el pensamiento -- Capítulo 4. Internalización de las funciones psicológicas superiores -- Capítulo 5. Problemas de método -- Capítulo 6. Interacción entre aprendizaje y desarrollo -- Capítulo 7. El papel del juego en el desarrollo del niño -- Capítulo 8. La prehistoria del lenguaje escrito. |
| 650 #4 - PUNTO DE ACCESO ADICIONAL DE MATERIA--TÉRMINO DE MATERIA | |
| Término de materia o nombre geográfico como elemento inicial | PSICOLOGÍA |
| 9 (RLIN) | 108 |
| 650 #4 - PUNTO DE ACCESO ADICIONAL DE MATERIA--TÉRMINO DE MATERIA | |
| Término de materia o nombre geográfico como elemento inicial | APRENDIZAJE |
| 650 #4 - PUNTO DE ACCESO ADICIONAL DE MATERIA--TÉRMINO DE MATERIA | |
| Término de materia o nombre geográfico como elemento inicial | PSICOLOGÍA EVOLUTIVA |
| 650 #4 - PUNTO DE ACCESO ADICIONAL DE MATERIA--TÉRMINO DE MATERIA | |
| Término de materia o nombre geográfico como elemento inicial | EDUCACIÓN INFANTIL |
| 650 #4 - PUNTO DE ACCESO ADICIONAL DE MATERIA--TÉRMINO DE MATERIA | |
| Término de materia o nombre geográfico como elemento inicial | APTITUDES DE APRENDIZAJE |
| 700 1# - PUNTO DE ACCESO ADICIONAL--NOMBRE DE PERSONA | |
| Nombre de persona | Cole, Michael. |
| 942 ## - ELEMENTOS DE PUNTO DE ACCESO ADICIONAL (KOHA) | |
| Tipo de ítem Koha | Libros |
| Fuente del sistema de clasificación o colocación | Clasificación Decimal Universal |
| Estado de retiro | Estado de pérdida | Fuente del sistema de clasificación o colocación | Estado dañado | Excepción de préstamo | Código de colección | Localización permanente | Ubicación/localización actual | Ubicación en estantería | Fecha de adquisición | Número de inventario | Total de préstamos | Signatura topográfica completa | Código de barras | Fecha visto por última vez | Fecha del último préstamo | Número de copia | Precio válido a partir de | Tipo de ítem Koha |
|---|---|---|---|---|---|---|---|---|---|---|---|---|---|---|---|---|---|---|
| Clasificación Decimal Universal | Psicología | BIBLIOTECA RIOBAMBA | BIBLIOTECA RIOBAMBA | BIBLIOTECA RIOBAMBA | 16/06/2015 | 1517 | 1 | 159.922.72 VYG | 1517 | 11/04/2017 | 11/04/2017 | 1 | 16/06/2015 | Libros |

